|
|
|
|
| LEADER |
00000nab a2200000 a 4500 |
| 001 |
vtls000442331 |
| 003 |
SK-MaSNL |
| 005 |
20260303161121.0 |
| 008 |
230223c1991 xo 0 cze |
| 015 |
|
|
|a SNBRB19rr/mm-uuuuu
|
| 035 |
|
|
|a CL0442461
|
| 035 |
|
|
|a urn:nbn:sk:snk-ab6o2s
|
| 035 |
|
|
|a (uuid)e0f31393-6075-441c-9ef8-bfc2fc7813f3
|
| 035 |
|
|
|a (urnnbn)urn:nbn:sk:snk:ar-005o4k
|
| 035 |
|
|
|a (sysno)vtls000442331
|
| 040 |
|
|
|a SNKBUCL
|b slo
|c SNKBUCL
|e AACR2
|
| 041 |
0 |
|
|a cze
|
| 044 |
|
|
|a xo
|c SK
|
| 080 |
|
|
|a 621.791-051
|2 1981
|
| 080 |
|
|
|a 929 Motyka, Karel
|2 1981
|
| 245 |
0 |
0 |
|a Odešel Karel Motyka
|
| 600 |
1 |
7 |
|a Motyka, Karel,
|d 1915-1990
|2 snkbucl
|9 1181517
|
| 655 |
|
7 |
|a články z novín a časopisov
|2 snkbucl
|9 267496
|
| 773 |
0 |
|
|t Zváranie
|g Roč. 40, č. 4-5 (1991), s. na kuléri
|
| 850 |
|
|
|a Slovenská národná knižnica v Martine
|a MTA001
|
| 852 |
|
|
|a SNK
|b KIS3GCP
|
| 954 |
|
|
|a odborná, vedecká literatúra pôvodná (slovenská)
|2 lita
|
| 954 |
|
|
|a odborná, vedecká literatúra cudzojazyčná (svetová)
|2 lita
|
| 958 |
|
|
|a OND
|
| 958 |
|
|
|a RK
|
| 958 |
|
|
|a CZ
|
| 958 |
|
|
|a EUIPO
|
| 958 |
|
|
|a article
|
| 992 |
|
|
|a RBX
|
| 999 |
|
|
|c 2048331
|d 2050261
|